000 01735nam0a2200385 4500
001 RU\NLR\bibl\848902
005 20260405085705.0
010 _a5-94355-251-0
_93000
021 _aRU
_b2005-22428
_91141
035 _a(nilc)RSL-KNO-002596079
035 _a(NLR Aleph) 000837660
090 _a1400467
_c1400467
100 _a20050428d2005 |||y0rusy50 ca
101 0 _arus
102 _aRU
105 _aa |||||||||
106 _ar
200 1 _aМанифест эволюции
_eметанаука для йогов, ученых и программистов
_fБрамари Ананда, Према Шакти Ананда, Бала Янтра
_gЛаб. Сарасвати
210 _aМ.
_cАмрита-Русь
_d2005
215 _a365 с.
_cил., портр.
_d21
300 _aНа обл. авт. не указаны
320 _aБиблиогр.: с. 133-136 (18 назв.)
606 1 _aКундалини
_92184519
_3RU\NLR\auth\661313448
610 0 _aРелигия -- Индуизм -- Вероучение индуизма -- История вероучения индуизма -- Вероучение индуизма в средние века (IV - XVIII вв.) -- Школы и направления -- Йога
686 _aЭ331-4-340.2,0
_2rubbk
686 _aЮ969.1
700 0 _4070
_8rus
_7ca
_aБрамари Ананда
_3RU\NLR\AUTH\7731580
_914590
701 0 _4070
_8rus
_7ca
_aПрема Шакти Ананда
_3RU\NLR\AUTH\7731581
_914591
701 0 _4070
_8rus
_7ca
_aБала Янтра
_3RU\NLR\AUTH\7731582
_914592
801 0 _aRU
_bRuMoRKP
_c20050428
_grcr
801 1 _aRU
_bRuMoRGB
_c20050428
801 2 _aRU
_bNLR
_c20051005
_grcr
942 _cBOOK
980 _aNB